00362nam a2200145 a 450008200200000010000270002024500210004726000300006830000090009850000350010750500100014265000190015265000180017170000270018900a294.509013bMAT aMatas, Enric Aguilar I aRigvedic Society aLeidenbE. J. Brillc1991 a174p aincludes index and biblioraphy2 aIndex aHinduism-Vedic aIndia-Ancient1 aMatas, Enric Aguilar I